| 000 | nam a22 a 4500 | ||
|---|---|---|---|
| 999 |
_c474 _d474 |
||
| 003 | AKMAL | ||
| 005 | 20170504092457.0 | ||
| 008 | 170504r20042002my g 000 0 may d | ||
| 015 | _aM03-1254 | ||
| 020 |
_a9837204869 (kkt.) : _cRM22.00 |
||
| 039 | 9 |
_a201206191526 _bazwani_m _c201205211354 _dw_saiful _c200802141612 _dnorhidayah _c200802121221 _dnorhidayah |
|
| 040 |
_aAKMAL _cAKMAL |
||
| 041 | 1 |
_amay _heng |
|
| 049 | 0 | 0 | _aklpmal |
| 082 | 0 | 4 |
_a153.42 BON _221 |
| 090 | 0 | 0 |
_a153.42 _bBON |
| 090 | 2 | 0 |
_a153.42 _bBON |
| 100 | 1 |
_aDe Bono, Edward, _d1933- _91066 |
|
| 245 | 1 | 0 |
_aSaya betul anda salah : _bdari pemikiran kreatif ke zaman pembaharuan yang baru / _cEdward De Bono |
| 260 |
_aKuala Lumpur : _bGolden Books Centre , _c2004 |
||
| 300 |
_axx, 357ms. ; _c22cm. |
||
| 650 | 0 |
_aCreative thinking _91035 |
|
| 650 | 0 |
_aThought and thinking _9913 |
|
| 650 | 0 |
_aPsychology _9859 |
|
| 650 | 0 |
_aPerception _91098 |
|
| 856 | 4 | 1 |
_uftp://tag856.pnm.gov.my/tag856/buku/9837204869.pdf _yElectronic Resource |
| 942 |
_2ddc _cBOOK |
||